吉林省下辖县级行政区地图 County-level administrative divisions of Jilin - Statistics

General Stats
  • This quiz has been taken 661 times
  • The average score is 43 of 60
Answers on the Map
Answers color-coded by a green-red scale on the quiz's map according to % correct below.
 
Answer Stats
县级类 地名 % Correct
县级市 公主岭市
93%
县级市 延吉市
91%
县级市 珲春市
87%
自治县 长白朝鲜族自治县
81%
县级市 榆树市
81%
市辖区 铁西区
80%
市辖区 铁东区
80%
市辖区 二道区
80%
县级市 梅河口市
79%
县级市 图们市
79%
农安县
78%
县级市 德惠市
78%
通化县
77%
市辖区 九台区
77%
市辖区 宽城区
77%
县级市 扶余市
76%
市辖区 朝阳区
76%
自治县 伊通满族自治县
75%
县级市 龙井市
75%
市辖区 绿园区
75%
县级市 洮南市
74%
县级市 双辽市
73%
镇赉县
72%
县级市 蛟河市
72%
市辖区 西安区
72%
梨树县
72%
县级市 敦化市
72%
市辖区 南关区
72%
靖宇县
71%
县级市 临江市
71%
县级市 磐石市
71%
自治县 前郭尔罗斯蒙古族自治县
71%
县级市 大安市
70%
县级市 舒兰市
70%
市辖区 双阳区
70%
市辖区 洮北区
69%
县级市 集安市
69%
汪清县
69%
县级市 和龙市
69%
市辖区 船营区
68%
抚松县
67%
市辖区 丰满区
67%
永吉县
67%
东丰县
67%
安图县
67%
县级市 桦甸市
65%
市辖区 浑江区
64%
东辽县
64%
市辖区 宁江区
64%
市辖区 二道江区
64%
通榆县
63%
乾安县
63%
市辖区 昌邑区
62%
市辖区 龙潭区
61%
柳河县
61%
长岭县
60%
市辖区 江源区
59%
辉南县
58%
市辖区 东昌区
57%
市辖区 龙山区
56%
No matching quizzes found
Score Distribution
Percent of People with Each Score
Percentile by Number Answered
Your Score History
You have not taken this quiz